000 01033nam0a22003131 4500
001 RU\INFOCOMM_322\NLR\5000165000
005 20250613110332.0
035 _a(NLR Aleph) 009557413
090 _a9046757
_c9046757
100 _a20130209d1981 |||y0rusy50 ca
101 1 _aeng
_crus
102 _aRU
105 _ay z |||||
200 1 _aGrinding of metals
_fV. V. Loskutov
_gTransl. from the Russ. by I. Savin
205 _aRev. from the 1979 (6th) Russ. ed.
210 _aM.
_cMir
_d1981
215 _a300 с.
_cил.
_d21 см
300 _aДоп. тит. л. на рус. яз.: Шлифование металлов / В. В. Лоскутов
320 _aБиблиогр.: с. 295
513 1 _aШлифование металлов
_zrus
620 _aМосква
686 _aТт-м-792
_2rubbk
686 _aˆ[‰К637.3]
_2rubbk
700 1 _aLoskutov
_bV. V.
_gVasilij Vasil'evič
801 1 _aRU
_bInfocomm
_c20130209
801 0 _aRU
_bINFOCOMM
_gPSBO
852 _aNLR
_jТ37 Д-3/109
942 _cBOOK
980 _aNB